00237nam a2200097Ia 4500008004100000041000800041100001700049245002300066260003100089999001900120230508s1988 xx 000 0 und d aeng aC V STARKEY. aBASIC ENGG DESIGN. bEDWARD ARNOLD, LANDAc1988 c735312d735312